Statystyki dla Największe miasto według wyspy

Kliknij tutaj aby rozwiązać quiz!

Ogólne statystyki

  • Ten quiz został rozwiązany 802 razy
  • Średni wynik to 9 z 21

Statystyki odpowiedzi

Wyspa Największe miasto % poprawnych
Wielka BrytaniaLondyn
100%
IrlandiaDublin
94%
CyprNikozja
83%
KubaHawana
82%
SycyliaPalermo
68%
JawaDżakarta
61%
OahuHonolulu
60%
Long IslandNowy Jork
42%
ZelandiaKopenhaga
36%
MajorkaPalma
36%
HaitiSanto Domingo
33%
SardyniaCagliari
31%
LuzonManila
29%
KretaHeraklion
26%
PortorykoSan Juan
22%
TasmaniaHobart
21%
Wyspa Południowa (NZ)Christchurch
18%
Nowa FundlandiaSt. John's
13%
BaliDenpasar
10%
VancouverVictoria
9%
Hawai'iHilo
8%

Rozkład punktacji

Percentyl według liczby udzielonych odpowiedzi

Procent ludzi z każdym wynikiem

Twoja historia wyników

Nie rozwiązałeś tego quizu